• 首页
  • 本馆介绍
  • 公告通知
  • 最新文献
  • 馆藏检索
  • 电子资源
  • 读者导购
  • 参考咨询
  • 我的图书馆
  • 登录
  • 详细信息显示
  • 放入我的书架
  • 预约/预借图书
  • 作者相关作品
  • 分类相关作品
  • 丛书相关作品
  • 出版社相关作品

书目信息

  • 表格格式
  • 工作单格式
  • 卡片格式
题名:
声乐演唱教程
    
 
作者: 祝真伟 主编
分册:   民族卷
出版信息: 上海   上海音乐出版社  2021
页数: 299页
开本: 30cm
丛书名:
单 册:
中图分类: J616.2 , J616.22
科图分类:
主题词: 声乐艺术--职业教育--教材 , 民族声乐--歌唱法--中国--职业教育--教材
电子资源:
ISBN: 978-7-5523-2207-1
000 00858nam0 2200253 450
001 2260128817
005 20220920164255.54
010    @a978-7-5523-2207-1@dCNY88.00
100    @a20211022d2021 em y0chiy50 ea
101 0  @achi
102    @aCN@b310000
105    @aag z 000yy
200 1  @a声乐演唱教程@9sheng yue yan chang jiao cheng@i民族卷@f祝真伟主编
210    @a上海@c上海音乐出版社@d2021
215    @a299页@c图@d30cm
300    @a全国艺术职业教育系列教材·高职卷
330    @a本书共分四个单元以及附录部分。具体内容包括:声乐基础知识、初级练习与作品演唱、中级练习与作品演唱、高级练习与作品演唱等。
606 0  @a声乐艺术@x职业教育@j教材
606 0  @a民族声乐@x歌唱法@y中国@x职业教育@j教材
690    @aJ616.2@v5
690    @aJ616.22@v5
701  0 @a祝真伟@9zhu zhen wei@4主编
801  0 @aCN@b91MARC@c20211117
905    @aZUCC@dJ616.2@e5:1
    
    声乐演唱教程.民族卷/祝真伟主编.-上海:上海音乐出版社,2021
    299页:图;30cm
    全国艺术职业教育系列教材·高职卷
    
    ISBN 978-7-5523-2207-1:CNY88.00
    本书共分四个单元以及附录部分。具体内容包括:声乐基础知识、初级练习与作品演唱、中级练习与作品演唱、高级练习与作品演唱等。
●
相关链接 在五车中查询图书 在当当中查询图书 在豆瓣中查询图书


正题名:声乐演唱教程     索取号:J616.2/5:1         预约/预借

序号 登录号 条形码 馆藏地/架位号 状态 备注
1 2000899209   2000899209   第三书库/ [索取号:J616.2/5:1] 在馆    
2 2000899210   2000899210   第三书库/ [索取号:J616.2/5:1] 在馆    
3 2000899211   2000899211   第三书库/ [索取号:J616.2/5:1] 在馆    
山东省滨州职业学院图书馆 欢迎您!
大连网信软件有限公司© 版权所有